[Event "36th World Junior Girls"]
[Site "Manavgat TUR"]
[Date "2018.09.07"]
[Round "3.6"]
[White "Nurgali, Nazerke"]
[Black "Diakonova, Ekaterina"]
[Result "1-0"]
[WhiteTitle "WFM"]
[WhiteElo "2080"]
[BlackElo "2243"]
[WhiteFideId "13711261"]
[BlackFideId "24172936"]
[EventDate "2018.09.05"]

1. d4 Nf6 2. c4 b6 3. f3 e6 4. e4 Bb4+ 5. Bd2 Bxd2+ 6. Qxd2 O-O 7. Nc3 Bb7 8.
Bd3 d5 9. cxd5 exd5 10. e5 Nfd7 11. Nge2 c5 12. f4 a6 13. O-O Nc6 14. Bc2 Rc8
15. Rad1 Nxd4 16. Nxd4 cxd4 17. Qxd4 Rc4 18. Qd3 g6 19. Bb3 Nc5 20. Qd2 Nxb3 21.
axb3 Rc8 22. f5 Qc7 23. f6 Qc5+ 24. Kh1 Rfe8 25. Qh6 Qf8 26. Qg5 Rcd8 27. Rd4 h6
28. Qf4 Kh7 29. Rf3 Re6 30. Re3 Qg8 31. Qg3 g5 32. h4 gxh4 33. Qh3 Bc8 34. Rg4
Ree8 35. Rxg8 Rxg8 36. Qxh4 d4 37. Qe4+ Kh8 38. Rd3 dxc3 39. Rxd8 Rxd8 40. bxc3
Rg8 41. Qe3 Kh7 42. Qxb6 Rg3 43. c4 Be6 44. Kh2 Rd3 45. Qb7 Re3 46. Qb8 Kg6 47.
Qb6 Rc3 48. Qf2 Rd3 49. Qe2 Rd4 50. Qe3 Rd8 51. Qe4+ Bf5 52. Qf4 h5 53. Kg3 Rd1
54. c5 Re1 55. Qd4 Rc1 56. b4 Be6 57. Qd3+ Bf5 58. Qxa6 Kg5 59. Qa3 h4+ 60. Kh2
Re1 61. Qc3 Re2 62. Qc4 Rc2 63. Qxf7 h3 64. Qg7+ Kf4 65. Qg3+ Ke4 66. f7 Rxg2+
67. Qxg2+ 1-0

[Event "36th World Junior Girls"]
[Site "Manavgat TUR"]
[Date "2018.09.07"]
[Round "3.7"]
[White "Georgescu, Lena"]
[Black "Tsolakidou, Stavroula"]
[Result "0-1"]
[WhiteTitle "WFM"]
[BlackTitle "IM"]
[WhiteElo "2195"]
[BlackElo "2393"]
[WhiteFideId "1331973"]
[BlackFideId "4264312"]
[EventDate "2018.09.05"]

1. e4 c5 2. Nf3 e6 3. d4 cxd4 4. Nxd4 Nc6 5. Nc3 Qc7 6. Be3 a6 7. a3 b5 8. Nxc6
Qxc6 9. Be2 Bb7 10. O-O Rc8 11. Qd2 Qc7 12. Rfd1 Nf6 13. Bf4 e5 14. Bg5 Nxe4 15.
Nxe4 Bxe4 16. c4 Qb7 17. cxb5 axb5 18. a4 Rc2 19. Qa5 f6 20. Bxb5 Bc5 21. Bh4
Bd4 22. Rac1 O-O 23. Rxc2 Bxc2 24. Rc1 Bf5 25. b3 Be6 26. Qc7 Qe4 27. Bg3 h5 28.
h4 g5 29. hxg5 h4 30. Bxd7 Bxd7 31. Qxd7 hxg3 32. Qe6+ Kh8 33. Qh3+ Qh7 34. Qxg3
fxg5 35. Rf1 Qh5 36. Qd3 Kg7 37. Qc4 Qh4 38. Qc7+ Rf7 39. Qc2 g4 0-1

[Event "36th World Junior Girls"]
[Site "Manavgat TUR"]
[Date "2018.09.07"]
[Round "3.9"]
[White "Chu, Ruotong"]
[Black "Zhu, Jiner"]
[Result "1-0"]
[WhiteTitle "WIM"]
[BlackTitle "WIM"]
[WhiteElo "2199"]
[BlackElo "2364"]
[WhiteFideId "8605653"]
[BlackFideId "8608059"]
[EventDate "2018.09.05"]

1. d4 Nf6 2. c4 e6 3. g3 d5 4. Bg2 dxc4 5. Nf3 Nc6 6. Qa4 Nd7 7. Qxc4 Nb6 8. Qb5
a6 9. Qd3 e5 10. e3 Nb4 11. Qe2 Bg4 12. h3 exd4 13. exd4+ Be6 14. Ng5 Qxd4 15.
Nxe6 Nd3+ 16. Kf1 fxe6 17. Qxe6+ Be7 18. Be3 Qc4 19. Qxc4 Nxc4 20. Bxb7 Nxe3+
21. fxe3 O-O+ 22. Ke2 Rad8 23. Rf1 Rxf1 24. Kxf1 Nxb2 25. Nc3 Bf6 26. Ne4 Be5
27. Rc1 Rb8 28. Bxa6 Rb4 29. Nc5 Bxg3 30. Ke2 h5 31. Bb7 Kh7 32. a3 Rb6 33. a4
Rf6 34. Ne4 Rb6 35. Nc5 Rf6 36. Ne4 Rb6 37. Nxg3 Rxb7 38. Rb1 Rb6 39. a5 Rg6 40.
Nxh5 Nc4 41. Rc1 Nxa5 42. Rxc7 Nb3 43. Kd3 Rg5 44. Nf4 Nc5+ 45. Kd4 Nb3+ 46. Kd3
Nc5+ 47. Ke2 Re5 48. Kf3 Ne4 49. Rc6 Nd2+ 50. Ke2 Ne4 51. Rc2 g5 52. Rc7+ Kh6
53. Rc6+ Kg7 54. Ne6+ Kg6 55. Kf3 Nf6 56. Nf8+ Kg7 57. Rxf6 Rd5 58. Ke4 1-0

[Event "36th World Junior Girls"]
[Site "Manavgat TUR"]
[Date "2018.09.07"]
[Round "3.10"]
[White "Song, Yuxin"]
[Black "Dordzhieva, Dinara"]
[Result "1/2-1/2"]
[WhiteTitle "WCM"]
[BlackTitle "WIM"]
[WhiteElo "2156"]
[BlackElo "2318"]
[WhiteFideId "8614300"]
[BlackFideId "24157570"]
[EventDate "2018.09.05"]

1. e4 c5 2. Nf3 e6 3. d4 cxd4 4. Nxd4 Nf6 5. Bd3 Nc6 6. Nxc6 bxc6 7. c4 d5 8.
cxd5 cxd5 9. Nc3 dxe4 10. Nxe4 Bb4+ 11. Nc3 O-O 12. O-O Bb7 13. Qb3 Qb6 14. Be2
Nd5 15. Nxd5 Bxd5 16. Bc4 Bb7 17. Be2 Bd5 18. Bc4 Bb7 19. Be2 Bd5 1/2-1/2

[Event "36th World Junior Girls"]
[Site "Manavgat TUR"]
[Date "2018.09.07"]
[Round "3.11"]
[White "Chitlange, Sakshi"]
[Black "Schneider, Jana"]
[Result "1/2-1/2"]
[WhiteTitle "WIM"]
[BlackTitle "FM"]
[WhiteElo "2279"]
[BlackElo "2190"]
[WhiteFideId "35002899"]
[BlackFideId "12924997"]
[EventDate "2018.09.05"]

1. d4 Nf6 2. c4 e6 3. Nf3 d5 4. Nc3 Be7 5. Bf4 O-O 6. e3 a6 7. cxd5 exd5 8. Qc2
Nbd7 9. Be2 c6 10. h3 Re8 11. O-O Nf8 12. Rab1 g6 13. Bd3 Ne6 14. Be5 Ng7 15. b4
Bf5 16. a4 Bxd3 17. Qxd3 Nd7 18. Bh2 Nf5 19. Rfc1 Bd6 20. b5 axb5 21. axb5 Bxh2+
22. Kxh2 Nd6 23. Ra1 Nb6 24. bxc6 bxc6 25. Nd2 Qc7 26. Kg1 c5 27. Rxa8 Rxa8 28.
Nb5 Nxb5 29. Rxc5 Ra1+ 30. Nf1 Qd7 31. Rxb5 Nc4 32. Rb1 Ra2 33. Qb3 Qa7 34. Qb8+
Qxb8 35. Rxb8+ Kg7 36. g4 Kf6 37. Kg2 Nd6 38. Ng3 Nc4 39. Rb3 Kg5 40. Rc3 f5 41.
gxf5 gxf5 42. Rd3 Nd2 43. Rc3 Nc4 44. Rb3 h5 45. Rb7 Nxe3+ 46. Kf3 Nd1 47. Rg7+
Kh4 48. Nxf5+ Kxh3 49. Rg3+ Kh2 50. Rg2+ Kh3 51. Ne3 Nxe3 52. Rg3+ Kh2 53. fxe3
h4 54. Rg5 h3 55. Rxd5 Kg1 56. Rb5 Ra1 57. Rb2 h2 58. Rg2+ Kh1 59. Rg8 Rf1+ 60.
Ke2 Re1+ 61. Kf2 Re2+ 62. Kf3 Rxe3+ 63. Kxe3 1/2-1/2

[Event "36th World Junior Girls"]
[Site "Manavgat TUR"]
[Date "2018.09.07"]
[Round "3.12"]
[White "Ivana Maria, Furtado"]
[Black "Sieber, Fiona"]
[Result "1-0"]
[WhiteTitle "WIM"]
[BlackTitle "WIM"]
[WhiteElo "2144"]
[BlackElo "2277"]
[WhiteFideId "5048400"]
[BlackFideId "12902373"]
[EventDate "2018.09.05"]

1. c4 Nf6 2. Nc3 e5 3. g3 Bb4 4. Bg2 O-O 5. Qb3 Bc5 6. e3 Nc6 7. Nge2 a6 8. O-O
Re8 9. d3 d6 10. a3 Ba7 11. h3 Rb8 12. Qc2 Ne7 13. d4 exd4 14. exd4 h6 15. b4 b5
16. c5 Bb7 17. a4 Bxg2 18. Kxg2 Nc6 19. axb5 Nxb4 20. Qf5 dxc5 21. dxc5 Qd7 22.
Qf3 Bxc5 23. bxa6 Qe6 24. Nf4 Qb6 25. Bb2 Nc2 26. Na4 Qd6 27. Rad1 Bd4 28. Bxd4
Nxd4 29. Qc3 Rb4 30. Nc5 Nd5 31. Rxd4 Rxd4 32. Qxd4 Nxf4+ 33. Qxf4 Qxc5 34. Rc1
Qd5+ 35. Qf3 Qxf3+ 36. Kxf3 Ra8 37. Ra1 Ra7 38. Ke4 Kf8 39. Kd5 Ke7 40. Kc6 h5
41. Ra4 g6 42. g4 hxg4 43. hxg4 Kd8 44. g5 Ke7 45. f4 Kd8 46. Kd5 Kd7 47. Ra3
Ke7 48. Ke5 c6 49. Kd4 Kd6 50. Kc4 Kc7 51. Kc5 Kb8 52. Kb6 Re7 53. Rd3 Re8 54.
a7+ Ka8 55. Rd7 Rf8 56. Kxc6 f6 57. f5 gxf5 58. g6 Rg8 59. g7 f4 60. Rf7 f3 61.
Kb6 1-0

[Event "36th World Junior Girls"]
[Site "Manavgat TUR"]
[Date "2018.09.07"]
[Round "3.13"]
[White "Potapova, Margarita"]
[Black "Ozbay, Ece"]
[Result "1-0"]
[WhiteTitle "WFM"]
[BlackTitle "WFM"]
[WhiteElo "2277"]
[BlackElo "2114"]
[WhiteFideId "14126869"]
[BlackFideId "6351743"]
[EventDate "2018.09.05"]

1. d4 d5 2. c4 c6 3. Nc3 Nf6 4. e3 Bf5 5. cxd5 cxd5 6. Qb3 Bc8 7. Nf3 e6 8. Ne5
Nc6 9. f4 Be7 10. Bd3 Nd7 11. O-O Ndxe5 12. fxe5 f6 13. exf6 Bxf6 14. Bd2 O-O
15. Be1 Bd7 16. Bg3 Bg5 17. Rxf8+ Qxf8 18. Re1 b6 19. a3 Qf6 20. Nxd5 Qh6 21.
Be4 Rc8 22. Nc7 Na5 23. Qd3 Bh4 24. Rc1 Bb5 25. Bxh7+ Kh8 26. Qe4 Bxg3 27. hxg3
Nb3 28. Rc3 Nd2 29. Qg6 Rf8 30. Qxh6 Rf1+ 31. Kh2 gxh6 32. Nxb5 Kxh7 33. Rc7+
Kg6 34. Nd6 Re1 35. Rxa7 Rxe3 36. g4 Rb3 37. Ne8 Kg5 38. Rg7+ Kf4 39. Nc7 e5 40.
d5 Rxb2 41. Ne6+ Ke3 42. d6 Nf3+ 43. Kg3 Ne1 44. d7 Rxg2+ 45. Kh3 Rg1 46. g5 h5
47. Rf7 Nf3 48. Rxf3+ Kxf3 49. Kh2 Rg2+ 50. Kh1 Rd2 51. d8=Q Rxd8 52. Nxd8 e4
53. Nc6 e3 54. g6 Ke4 55. Kg2 h4 56. g7 h3+ 57. Kxh3 1-0

[Event "36th World Junior Girls"]
[Site "Manavgat TUR"]
[Date "2018.09.07"]
[Round "3.14"]
[White "Urh, Zala"]
[Black "Maltsevskaya, Aleksandra"]
[Result "0-1"]
[WhiteTitle "WFM"]
[WhiteElo "2128"]
[BlackElo "2234"]
[WhiteFideId "14611481"]
[BlackFideId "24174041"]
[EventDate "2018.09.05"]

1. d4 Nf6 2. c4 c5 3. d5 b5 4. cxb5 a6 5. f3 g6 6. e4 Bg7 7. e5 Ng8 8. f4 Nh6 9.
Nf3 O-O 10. Bc4 axb5 11. Bxb5 Qb6 12. Nc3 d6 13. O-O Nd7 14. Qe2 Nf5 15. Kh1 Nd4
16. Nxd4 cxd4 17. Na4 Qb8 18. e6 Nf6 19. exf7+ Rxf7 20. Qc4 e6 21. Bd2 exd5 22.
Qe2 Bg4 23. Qd3 Bf5 24. Qe2 d3 25. Bxd3 Rxa4 26. b3 Ra8 27. Bxf5 gxf5 28. Bc3
Ne4 29. Bxg7 Rxg7 30. Qd3 Kh8 31. Qxd5 Qa7 32. Qc6 Rag8 33. Qc2 Rxg2 34. Qxg2
Rxg2 35. Kxg2 Qg7+ 0-1

[Event "36th World Junior Girls"]
[Site "Manavgat TUR"]
[Date "2018.09.07"]
[Round "3.15"]
[White "Li, Xinyu"]
[Black "Mahalakshmi, M"]
[Result "1/2-1/2"]
[BlackTitle "WIM"]
[WhiteElo "2086"]
[BlackElo "2213"]
[WhiteFideId "8610401"]
[BlackFideId "5001080"]
[EventDate "2018.09.05"]

1. d4 Nf6 2. c4 e6 3. Nf3 b6 4. g3 Bb7 5. Bg2 Bb4+ 6. Bd2 a5 7. O-O O-O 8. Bf4
Be7 9. Nc3 Ne4 10. Qc2 Nxc3 11. Qxc3 d6 12. Rfd1 Nd7 13. Qc2 Ra7 14. Ne1 Bxg2
15. Nxg2 Bf6 16. Be3 Qe7 17. Rac1 Rb8 18. b3 c6 19. Rd2 g6 20. h3 Bg7 21. Qd3
Re8 22. Rcd1 Raa8 23. Rc2 Rec8 24. Qd2 Qf8 25. Kh2 d5 26. cxd5 cxd5 27. Rdc1 Nf6
28. Ne1 Ne4 29. Qd3 Qe8 30. Nf3 Rxc2 31. Qxc2 b5 32. Nd2 Nxd2 33. Qxd2 a4 34.
Bf4 h5 35. Bd6 Qd8 36. Bf4 axb3 37. axb3 Qf6 38. e3 h4 39. Kg2 hxg3 40. Bxg3 Qf5
41. Qc2 b4 42. Qxf5 gxf5 43. Rc7 Ra3 44. Rc8+ Kh7 45. Rb8 Rxb3 46. Bd6 Kg6 47.
Rxb4 Rxb4 48. Bxb4 f4 49. Kf3 fxe3 50. fxe3 Kf5 51. Bd6 Bf6 52. Bg3 Kg5 53. Bf2 1/2-1/2

[Event "36th World Junior Girls"]
[Site "Manavgat TUR"]
[Date "2018.09.07"]
[Round "3.17"]
[White "Nomin-Erdene, Davaademberel"]
[Black "Caballero Quijano, Mitzy Mishell"]
[Result "1-0"]
[WhiteTitle "IM"]
[BlackTitle "WIM"]
[WhiteElo "2377"]
[BlackElo "2034"]
[WhiteFideId "4900782"]
[BlackFideId "3807223"]
[EventDate "2018.09.05"]

1. e4 e6 2. d4 d5 3. Nc3 Nf6 4. e5 Nfd7 5. f4 c5 6. Nf3 Nc6 7. Be3 Qb6 8. Na4
Qa5+ 9. c3 b6 10. Bd2 c4 11. b4 Nxb4 12. cxb4 Bxb4 13. Rc1 Bxd2+ 14. Nxd2 b5 15.
Nc3 b4 16. Qa4 Qxa4 17. Nxa4 a5 18. Be2 Ba6 19. Kf2 O-O 20. Ke3 Bb5 21. Nc5 Nxc5
22. dxc5 Rac8 23. Kd4 Rfd8 24. a3 Be8 25. axb4 axb4 26. Ra1 Ra8 27. Bf3 b3 28.
Kc3 Rab8 29. Ra5 Kf8 30. Rha1 f6 31. Re1 Bg6 32. Kb2 Bd3 33. c6 Rdc8 34. Rc5 Rb6
35. c7 f5 36. Ra1 Ke7 37. Ra7 Kd7 38. g4 g6 39. gxf5 gxf5 40. Bh5 Rc6 41. Be8+ 1-0

[Event "36th World Junior Girls"]
[Site "Manavgat TUR"]
[Date "2018.09.07"]
[Round "3.22"]
[White "Paramzina, Anastasya"]
[Black "Nastase, Andreea-Cristina"]
[Result "1-0"]
[WhiteTitle "WGM"]
[WhiteElo "2222"]
[BlackElo "1983"]
[WhiteFideId "4165012"]
[BlackFideId "1221183"]
[EventDate "2018.09.05"]

1. e4 c5 2. Nf3 d6 3. d4 cxd4 4. Nxd4 Nf6 5. Nc3 a6 6. h3 e5 7. Nde2 Nc6 8. g4
h6 9. Bg2 Be7 10. O-O O-O 11. Be3 Be6 12. Nd5 Bxd5 13. exd5 Nb8 14. a4 Nh7 15.
Ra3 Nd7 16. Ng3 Re8 17. Nf5 Bf8 18. Bc1 Nb6 19. a5 Nc8 20. c4 Ne7 21. Be4 Nxf5
22. Bxf5 g6 23. Bc2 Rc8 24. Qe2 Qc7 25. Ra4 Qe7 26. Kg2 Rc7 27. Be3 Nf6 28. Rh1
Rec8 29. Bb1 Qd7 30. Rb4 Ra8 31. Bb6 Rcc8 32. Rb3 Qa4 33. Rf3 Nd7 34. b3 Qb4 35.
Be3 Qxa5 36. h4 Bg7 37. Qc2 Re8 38. h5 e4 39. Rf4 g5 40. Rxe4 Nf8 41. Bd2 Qd8
42. Rhe1 Qd7 43. Bb4 Rxe4 44. Qxe4 b5 45. c5 dxc5 46. Bxc5 Rd8 47. Rd1 Rc8 48.
Bb4 Re8 49. Qf5 Qxf5 50. Bxf5 Bf6 51. d6 Ra8 52. d7 a5 53. Bd6 Ne6 54. Be4 Ra6
55. Kf3 a4 56. bxa4 bxa4 57. Ba3 Rb6 58. Bd5 Kg7 59. Ke4 Nd8 60. Rc1 Ra6 61. Rc7
Rb6 62. Ra7 Rb1 63. Rxa4 Re1+ 64. Kd3 Rd1+ 65. Ke4 Re1+ 66. Kf3 Rd1 67. Ra5 Bc3
68. Rc5 Be5 69. Ke2 Ra1 70. Ra5 Bc3 71. Ra8 Re1+ 72. Kf3 Bf6 73. Bb2 Rd1 74.
Bxf6+ Kxf6 75. Ke4 Ke7 76. Ra6 Rd2 77. f3 f6 78. Ba8 Rxd7 79. Kf5 Rd4 80. Kg6
Ne6 81. Ra7+ Kd6 82. Kxh6 Ke5 83. Ra5+ Kd6 84. Kg6 Rf4 85. h6 1-0

[Event "36th World Junior Girls"]
[Site "Manavgat TUR"]
[Date "2018.09.07"]
[Round "3.23"]
[White "Altantuya, Boldbaatar"]
[Black "Aubert, Laurane"]
[Result "1-0"]
[WhiteTitle "WFM"]
[WhiteElo "2210"]
[BlackElo "1970"]
[WhiteFideId "4902785"]
[BlackFideId "20690371"]
[EventDate "2018.09.05"]

1. d4 d5 2. c4 e6 3. Nf3 Nf6 4. cxd5 exd5 5. Bg5 Bb4+ 6. Nc3 Nbd7 7. e3 h6 8.
Bh4 g5 9. Bg3 Ne4 10. Qc2 h5 11. Bd3 h4 12. Bxe4 hxg3 13. Bxd5 Bxc3+ 14. bxc3
Nf6 15. Bb3 gxf2+ 16. Qxf2 Ne4 17. Qc2 Bf5 18. Ne5 Nd6 19. Bxf7+ Kf8 20. Qf2 Kg7
21. O-O Qe7 22. Bb3 Raf8 23. Qb2 g4 24. Rf4 Qh4 25. g3 Qh3 26. Nf7 Nxf7 27. Rxf5
Nd6 28. Rg5+ Kh6 29. Re5 Nf5 30. Qg2 Qh5 31. e4 Qg5 32. exf5 Rxf5 33. Rxf5 Qxf5
34. Rf1 Qg5 35. Qe4 c6 36. Qe6+ Kh7 37. Rf7+ 1-0

[Event "36th World Junior Girls"]
[Site "Manavgat TUR"]
[Date "2018.09.07"]
[Round "3.24"]
[White "Kamalidenova, Meruert"]
[Black "Caglar, Sila"]
[Result "1-0"]
[WhiteTitle "WFM"]
[BlackTitle "WFM"]
[WhiteElo "2011"]
[BlackElo "2208"]
[WhiteFideId "13712802"]
[BlackFideId "6364063"]
[EventDate "2018.09.05"]

1. d4 Nf6 2. Nf3 g6 3. c4 Bg7 4. Nc3 O-O 5. Bg5 d6 6. e3 b6 7. Be2 Bb7 8. Qc2 c5
9. d5 Na6 10. O-O Nc7 11. e4 Nd7 12. Rad1 a6 13. a4 Rb8 14. Kh1 Bc8 15. Ne1 f5
16. exf5 Rxf5 17. f4 Nf8 18. Bd3 Rf7 19. f5 gxf5 20. Bxf5 Bxf5 21. Rxf5 Rxf5 22.
Qxf5 Ng6 23. Nd3 Qf8 24. Qe4 Qf7 25. Ne2 Rf8 26. Ng3 b5 27. axb5 axb5 28. b3 b4
29. h3 Ne5 30. Nc1 Ne8 31. Nce2 Nf6 32. Bxf6 Qxf6 33. Rf1 Qg5 34. Nf5 Rf7 35. g4
Qd2 36. Nf4 Qc3 37. Qb1 Ng6 38. Nd3 Qd2 39. Rf2 Qc3 40. Kg2 Rf8 41. Nf4 Nxf4+
42. Rxf4 Ra8 43. Rf2 Qe5 44. Qd3 Ra7 45. Re2 Qc3 46. Qe4 Qe5 47. Qf3 Qf6 48. Qf2
Bf8 49. Qe3 Kh8 50. Rf2 Bg7 51. Ng3 Qe5 52. Qf3 Ra8 53. Nh5 Qg5 1-0

[Event "36th World Junior Girls"]
[Site "Manavgat TUR"]
[Date "2018.09.07"]
[Round "3.28"]
[White "Kyrkjebo, Hanna B."]
[Black "Du, Yuxin"]
[Result "0-1"]
[WhiteElo "1947"]
[BlackElo "2146"]
[WhiteFideId "1511599"]
[BlackFideId "8610282"]
[EventDate "2018.09.05"]

1. e4 c6 2. d4 d5 3. e5 Bf5 4. Nf3 e6 5. Be2 c5 6. Be3 Qb6 7. Nc3 Qxb2 8. Qb1
Qxb1+ 9. Rxb1 c4 10. Rxb7 Nc6 11. Kd2 Bb4 12. Rb1 Ba5 13. R7b5 h6 14. Nh4 Bh7
15. f4 Nge7 16. Bg4 O-O 17. Bh3 h5 18. Rf1 Rab8 19. Rbb1 Be4 20. a3 Rxb1 21.
Rxb1 Rb8 22. Rxb8+ Nxb8 23. Bf2 Nbc6 24. Nf3 Bxf3 25. gxf3 g6 26. f5 exf5 27. f4
Nc8 28. Be1 Nxd4 29. Kd1 Nf3 30. Bd2 Nxd2 31. Kxd2 d4 0-1

[Event "36th World Junior Girls"]
[Site "Manavgat TUR"]
[Date "2018.09.07"]
[Round "3.29"]
[White "Santeramo, Alessia"]
[Black "Hereklioglu, Sude"]
[Result "1/2-1/2"]
[WhiteTitle "WFM"]
[BlackTitle "WFM"]
[WhiteElo "2124"]
[BlackElo "1930"]
[WhiteFideId "850810"]
[BlackFideId "6359531"]
[EventDate "2018.09.05"]

1. e4 c5 2. Nf3 e6 3. d4 cxd4 4. Nxd4 Nc6 5. Nc3 Qc7 6. Be3 a6 7. Qf3 Nf6 8.
O-O-O d6 9. Qg3 Nxd4 10. Bxd4 e5 11. Be3 Be6 12. Bg5 Nd7 13. Nd5 Bxd5 14. Rxd5
Rc8 15. c3 h6 16. Qh4 Rg8 17. Be3 Be7 18. Qh3 Nf6 19. Rd3 Nxe4 20. f4 exf4 21.
Qf5 fxe3 22. Qxe4 Kf8 23. Be2 Qc6 24. Qg4 g6 25. Rf1 Kg7 26. Qd4+ f6 27. Rxe3
Bd8 28. Bf3 Qc5 29. Qxc5 Rxc5 30. Bxb7 f5 31. Re6 Bc7 32. Rfe1 a5 33. Re7+ Kf6
34. h4 f4 35. Rh7 Rg7 36. Rxh6 d5 37. h5 f3 38. Rxg6+ Rxg6 39. hxg6 f2 40. Rd1
Kxg6 41. Ba6 Be5 42. Kd2 d4 43. cxd4 Bxd4 44. Rf1 Rd5 45. b3 Bc5+ 46. Ke2 Kg5
47. Kf3 Re5 48. g3 Re3+ 49. Kg2 Rc3 50. Bc4 a4 51. Rd1 Be3 52. Rd3 Rxd3 53. Bxd3
axb3 54. axb3 Bc5 55. Be2 1/2-1/2

[Event "36th World Junior Girls"]
[Site "Manavgat TUR"]
[Date "2018.09.07"]
[Round "3.31"]
[White "Bai, Xue"]
[Black "Zairbek kyzy, Begimay"]
[Result "1-0"]
[WhiteElo "2073"]
[BlackElo "1770"]
[WhiteFideId "8608717"]
[BlackFideId "13803603"]
[EventDate "2018.09.05"]

1. e4 c6 2. Nc3 d5 3. Nf3 Bg4 4. h3 Bh5 5. exd5 cxd5 6. g4 Bg6 7. d4 Nc6 8. Ne5
a6 9. Nxc6 bxc6 10. Bf4 e6 11. Na4 Be7 12. Be2 Nf6 13. Be5 Qa5+ 14. c3 Kf8 15.
b4 Qd8 16. Nc5 Bxc5 17. dxc5 Ne4 18. O-O h5 19. Qd4 Rh7 20. Kg2 Qg5 21. Rh1 Qd8
22. f3 Nf6 23. c4 Nd7 24. cxd5 Nxe5 25. Qxe5 Qxd5 26. Qxd5 exd5 27. Rhe1 Bc2 28.
a4 hxg4 29. hxg4 Rh6 30. b5 axb5 31. axb5 Rxa1 32. Rxa1 cxb5 33. Rc1 Bb3 34.
Bxb5 Bc4 35. Bxc4 dxc4 36. Rxc4 Rc6 37. f4 Ke7 38. Kf3 Kd7 39. Ke4 Rg6 40. Kd5
Rxg4 41. c6+ Kc7 42. Ra4 g5 43. Ra7+ Kb8 44. c7+ Kxa7 45. c8=Q Rxf4 46. Kc5 f6
47. Kb5 Rf1 48. Qc2 Rf4 49. Kc6 Rh4 50. Qc5+ 1-0

[Event "36th World Junior Girls"]
[Site "Manavgat TUR"]
[Date "2018.09.07"]
[Round "3.39"]
[White "Kyrkjebo, Marte B."]
[Black "Can, Isil"]
[Result "1/2-1/2"]
[BlackTitle "WCM"]
[WhiteElo "1935"]
[BlackElo "1798"]
[WhiteFideId "1511602"]
[BlackFideId "34505733"]
[EventDate "2018.09.05"]

1. e4 e5 2. Nf3 Nc6 3. d4 exd4 4. Nxd4 Bc5 5. Nb3 Bb6 6. Nc3 Nf6 7. Qe2 d6 8.
Be3 Be6 9. O-O-O Qe7 10. f3 Ne5 11. Nd4 Bc4 12. Qf2 Bxf1 13. Qxf1 g6 14. Bg5 c6
15. f4 Ned7 16. e5 O-O-O 17. Nxc6 bxc6 18. exf6 Qe3+ 19. Kb1 Nc5 20. Re1 Qd4 21.
Qf3 Kc7 22. Re7+ Rd7 23. Rd1 Qb4 24. f5 Nb7 25. Qh3 Rd8 26. Qxh7 Qg4 27. Bc1
Qxf5 28. Qxf7 Rxe7 29. Qxe7+ Rd7 30. Qf8 Nd8 31. Re1 Bd4 32. Re7 Qxf6 33. Rxd7+
Kxd7 34. Qxf6 Bxf6 35. Ne4 Be5 36. h3 Ne6 37. Be3 a6 38. g4 Nf4 39. Nf2 d5 40.
Nd3 Nxd3 41. cxd3 Bf6 42. Kc2 Kd6 43. d4 g5 44. Kb3 Kc7 45. Kb4 Kb6 46. Ka4 Be7
47. b4 Bf6 48. Kb3 Be7 49. a4 Bf6 50. Kc2 Be7 51. Bd2 Kc7 52. Kd3 Kd7 53. Ke3
Ke6 54. Kf3 Kf6 55. Kg2 Kg6 56. Be1 Bf6 57. Bf2 Be7 58. Be1 Bf6 59. Bf2 Be7 60.
Be1 1/2-1/2

[Event "36th World Junior Girls"]
[Site "Manavgat TUR"]
[Date "2018.09.07"]
[Round "3.41"]
[White "Esti, Kubra Selenay"]
[Black "Malatsilava, Volha"]
[Result "0-1"]
[WhiteElo "1662"]
[BlackElo "2040"]
[WhiteFideId "6358187"]
[BlackFideId "13508512"]
[EventDate "2018.09.05"]

1. d4 Nf6 2. Nc3 d5 3. Bg5 e6 4. e4 dxe4 5. Nxe4 Be7 6. Nxf6+ Bxf6 7. Bxf6 Qxf6
8. Nf3 O-O 9. Bd3 c5 10. c3 cxd4 11. Nxd4 e5 12. Ne2 Nc6 13. Qc2 Qh6 14. O-O f5
15. f4 e4 16. Bc4+ Be6 17. Qb3 Bxc4 18. Qxc4+ Kh8 19. Rad1 Rad8 20. Qb5 Qf6 21.
Ng3 g6 22. Qxb7 Rd3 23. Qa6 Rfd8 24. Rde1 Qd6 25. Ne2 Qc5+ 26. Kh1 Rd2 27. b4
Qd5 28. b5 Nb8 29. Qxa7 Qxb5 30. Nd4 Qd5 31. Qb6 Rf8 32. Qb4 Re8 33. Qb3 Qd7 34.
Re3 Na6 35. a4 Rb8 36. Qc4 Nc7 37. Rfe1 Nd5 38. R3e2 e3 39. Nb5 Rc8 40. Qb3 Nxf4
41. Rxe3 Qb7 42. Re8+ Rxe8 43. Rxe8+ Kg7 44. Qg8+ Kh6 45. Qf8+ Kh5 0-1

[Event "36th World Junior Girls"]
[Site "Manavgat TUR"]
[Date "2018.09.07"]
[Round "3.43"]
[White "Celik, Eda"]
[Black "Catal, Uktenur"]
[Result "1/2-1/2"]
[WhiteElo "1970"]
[BlackElo "1809"]
[WhiteFideId "6351727"]
[BlackFideId "34504290"]
[EventDate "2018.09.05"]

1. e4 e6 2. d3 d5 3. Nd2 c5 4. Ngf3 Nc6 5. g3 g6 6. Bg2 Bg7 7. O-O Nge7 8. Re1
O-O 9. e5 Qc7 10. Qe2 g5 11. Nxg5 Qxe5 12. Qxe5 Bxe5 13. c3 Bg7 14. Nb3 b6 15.
f4 a5 16. a4 Ba6 17. Bf1 Rfe8 18. Nf3 Ng6 19. Be3 e5 20. f5 Nge7 21. g4 d4 22.
cxd4 exd4 23. Bg5 Nd5 24. Nbd2 h6 25. f6 Bf8 26. Bh4 Ne3 27. Nc4 Bxc4 28. dxc4
Nb4 29. Rac1 Rad8 30. g5 Nf5 31. Bf2 hxg5 32. Nxg5 Bh6 33. h4 Bxg5 34. hxg5 Ne3
35. Bxe3 dxe3 36. Rc3 Re5 37. Rexe3 Rxg5+ 38. Rg3 Rg6 39. Re3 Rd6 40. Rxg6+ fxg6
41. Re7 Rxf6 42. Rb7 Kf8 43. Be2 Nc2 44. Bd3 Nd4 45. Kg2 Ne6 46. Kg3 Nf4 47. Be4
Ne2+ 48. Kg2 Re6 49. Bd5 Rf6 50. Bf3 Nf4+ 51. Kg3 Nd3 52. b3 Ne1 53. Be4 g5 54.
Rb8+ Kg7 55. Rb7+ Kf8 56. Rb8+ Kg7 57. Rb7+ Kf8 1/2-1/2

[Event "36th World Junior Girls"]
[Site "Manavgat TUR"]
[Date "2018.09.07"]
[Round "4.2"]
[White "Khomeriki, Nino"]
[Black "Nurgali, Nazerke"]
[Result "1-0"]
[WhiteTitle "WIM"]
[BlackTitle "WFM"]
[WhiteElo "2313"]
[BlackElo "2080"]
[WhiteFideId "13603191"]
[BlackFideId "13711261"]
[EventDate "2018.09.05"]

1. d4 Nf6 2. c4 e6 3. Nf3 d5 4. Nc3 Be7 5. Bg5 h6 6. Bh4 O-O 7. e3 b6 8. Bd3 Bb7
9. O-O Nbd7 10. Bg3 c5 11. cxd5 exd5 12. Ne5 a6 13. Qf3 Re8 14. Rad1 Ra7 15.
Rfe1 Nf8 16. e4 Ne6 17. dxc5 Nd4 18. Qf4 Ne6 19. Qc1 Nxc5 20. Nxd5 Nxd5 21. exd5
Bd6 22. Bb1 Bxe5 23. Rxe5 Rxe5 24. Bxe5 f6 25. Bd4 Qxd5 26. f3 Ra8 27. Bxf6 Qe6
28. Bc3 Bd5 29. Qc2 Qe3+ 30. Kh1 Qg5 31. f4 Qxf4 32. Qh7+ 1-0

[Event "36th World Junior Girls"]
[Site "Manavgat TUR"]
[Date "2018.09.07"]
[Round "4.3"]
[White "Tsolakidou, Stavroula"]
[Black "Ghukasyan, Siranush"]
[Result "1-0"]
[WhiteTitle "IM"]
[BlackTitle "WIM"]
[WhiteElo "2393"]
[BlackElo "2205"]
[WhiteFideId "4264312"]
[BlackFideId "13300946"]
[EventDate "2018.09.05"]

1. d4 d5 2. c4 e6 3. Nf3 Nf6 4. g3 Bb4+ 5. Bd2 Be7 6. Bg2 O-O 7. O-O c6 8. Qc2
b6 9. Bf4 Bb7 10. Nbd2 dxc4 11. Nxc4 Nd5 12. Bd2 c5 13. dxc5 Bxc5 14. Ng5 g6 15.
Qe4 Qe7 16. Qh4 f6 17. Ne4 Nd7 18. Nxc5 Nxc5 19. e4 Nc7 20. Bh6 Rf7 21. Rfd1 Rd8
22. e5 g5 23. Qg4 Bxg2 24. Kxg2 f5 25. Qh5 Rxd1 26. Rxd1 Ne8 27. Bxg5 Qb7+ 28.
Kg1 Ne4 29. Rd8 Qc6 30. Nd6 Nxd6 31. exd6 1-0